[Event "Int. Tourn. Charleroi 2005"]
[Site "Charleroi, Belgium"]
[Date "2005.07.29"]
[Round "1"]
[White "Terrieux K"]
[Black "Brunner N"]
[Result "1-0"]
[WhiteElo "2365"]
[BlackElo "2386"]
[PlyCount "99"]

1. e4 c5 2. Nf3 d6 3. d4 cxd4 4. Nxd4 Nf6 5.
Nc3 g6 6. Be3 Bg7 7. f3 O-O 8. Qd2 Nc6 9. Bc4 Bd7 10. g4 Qa5 11. Nb3 Qb4 12.
Be2 Na5 13. a3 Nxb3 14. axb4 Nxd2 15. Kxd2 a6 16. Ra5 Bc6 {(=)} 17. Rha1 Rac8
18. Nd5 Nxd5 19. exd5 Bd7 20. c3 f5 21. h3 fxg4 22. fxg4 Rc7 23. Rf1 Rxf1 24.
Bxf1 Kf7 25. b5 Bxb5 26. Bxb5 axb5 27. Rxb5 Be5 28. Kd3 e6 29. Bd4 Bxd4 30.
Kxd4 e5+ 31. Kd3 Kf6 32. Rb6 Ke7 33. c4 Rd7 34. Ke4 Rc7 35. b3 Kd7 36. g5 Ke7
37. Kd3 Kd7 38. b4 e4+ 39. Kd4 e3 40. Kxe3 Rxc4 41. Rxb7+ Ke8 42. Rxh7 Rxb4 43.
Rg7 Rb3+ 44. Ke4 Rxh3 45. Rxg6 Ke7 46. Rg7+ Ke8 47. Kf5 Re3 48. Kf6 Re5 49. g6
Rxd5 50. Re7+ 1-0

[Event "Int. Tourn. Charleroi 2005"]
[Site "Charleroi, Belgium"]
[Date "2005.07.29"]
[Round "1"]
[White "Wantiez F"]
[Black "Cappon J"]
[Result "1/2-1/2"]
[WhiteElo "2265"]
[BlackElo "2216"]
[PlyCount "28"]

1. e4 c5 2. Nf3 e6 3. a4 a6 4. g3 Nc6 5. Bg2 Nf6 6. d3 d6 7. O-O Be7 8. Nc3 O-O
9. Bg5 Qc7 10. Nd2 b6 11. f4 Bb7 12. Nc4 Nd4 13. Bxf6 Bxf6 14. Nxd6 Qxd6 {(=)}
1/2-1/2

[Event "Int. Tourn. Charleroi 2005"]
[Site "Charleroi, Belgium"]
[Date "2005.07.29"]
[Round "1"]
[White "Akhayan R"]
[Black "Lê Quang K"]
[Result "1/2-1/2"]
[WhiteElo "2202"]
[BlackElo "2330"]
[PlyCount "104"]

1. e4 c5 2. Nf3 d6 3. d4 cxd4 4. Nxd4 Nf6 5. Nc3
g6 6. Bc4 Bg7 7. O-O O-O 8. Re1 Nc6 9. h3 Bd7 10. Bb3 Nxd4 11. Qxd4 Bc6 12. Qd1
b5 13. Bg5 h6 14. Bh4 a5 15. a3 Rb8 16. Qd2 b4 17. axb4 axb4 18. Nd5 g5 19. Bg3
Bxd5 20. Bxd5 Nh5 21. Qd3 Nxg3 22. Qxg3 e6 23. Bb3 Bxb2 24. Rad1 Be5 25. Qg4
Qf6 26. Rd3 Qg6 27. h4 Rfc8 28. hxg5 Qxg5 29. Qxg5+ hxg5 30. g3 Kg7 31. Kg2 Rh8
32. Rf1 g4 33. Rdd1 Rb5 34. Rh1 Rxh1 35. Rxh1 Bf6 36. Rd1 Rb6 37. Kf1 Kf8 38.
Ke2 Ke7 39. Rh1 Rc6 40. Rh5 Ra6 41. Rb5 Bc3 42. Rg5 Ra1 43. Rxg4 Re1+ 44. Kd3
Rd1+ 45. Ke2 Rd2+ 46. Ke3 d5 47. exd5 exd5 48. Rf4 f6 49. Kf3 Kd6 50. Rf5 Kc5
51. g4 Kd6 52. g5 fxg5 {(=)} 1/2-1/2

[Event "Int. Tourn. Charleroi 2005"]
[Site "Charleroi, Belgium"]
[Date "2005.07.29"]
[Round "1"]
[White "Kengis E"]
[Black "Cools G"]
[Result "1-0"]
[WhiteElo "2534"]
[BlackElo "2362"]
[PlyCount "75"]

1. e4 c5 2. Nf3 d6 3. c3 Nf6 4. Be2 g6 5. O-O
Bg7 6. Bb5+ Bd7 7. Bxd7+ Nbxd7 8. Re1 e6 9. d4 cxd4 10. cxd4 d5 11. e5 Ne4 12.
Nc3 Nxc3 13. bxc3 Qa5 14. Qb3 Nb6 15. a4 O-O 16. Ba3 Rfc8 17. Bb4 Qa6 18. Reb1
Nc4 19. h4 h5 20. Qd1 Qc6 21. a5 b6 22. a6 Qd7 23. Ra2 Qd8 24. Qc1 Bf8 25. Qf4
Bxb4 26. cxb4 b5 27. g4 hxg4 28. Qxg4 Qf8 29. Ng5 Rc6 30. Rb3 Qg7 31. Rf3 Rf8
32. Kg2 Nb6 33. Ra5 Rc4 34. Rf4 Rxb4 35. Ra3 f5 36. exf6 Rxf6 37. Raf3 Rxf4 38.
Rxf4 1-0

[Event "Int. Tourn. Charleroi 2005"]
[Site "Charleroi, Belgium"]
[Date "2005.07.29"]
[Round "1"]
[White "Meesen R"]
[Black "Plachetka"]
[Result "1-0"]
[WhiteElo "2314"]
[BlackElo "2459"]
[PlyCount "107"]

1. d4 Nf6 2. c4 c5 3. d5 b5 4. cxb5 a6 5. bxa6
Bxa6 6. Nc3 d6 7. Nf3 g6 8. e4 Bxf1 9. Kxf1 Bg7 10. g3 O-O 11. Kg2 Nbd7 12. Re1
Qb8 13. Qe2 Qb7 14. Nd2 Nb6 15. a4 Rfb8 16. Ra3 Ne8 17. a5 Nd7 18. Nc4 Qa6 19.
Na4 Ne5 20. Nxe5 Bxe5 21. Nb6 Qxe2 22. Rxe2 Ra7 23. Be3 Nc7 24. Rc2 Na6 25. f4
Nb4 26. Re2 Bg7 27. e5 h5 28. Bf2 Rd8 29. h3 Ra6 30. exd6 exd6 31. Be1 Rb8 32.
Bc3 Rb7 33. Re8+ Kh7 34. Rd8 Nc2 35. Ra4 Ne3+ 36. Kf3 Nd1 37. Bxg7 Kxg7 38. Ra2
Rbxb6 39. axb6 Rxa2 40. b7 Rxb2 41. b8=Q Rxb8 42. Rxb8 Nc3 43. Rb6 Nxd5 44.
Rxd6 Nc7 45. Rc6 Ne6 46. Ke3 Kf6 47. Ke4 Ke7 48. Ke5 Kd7 49. Rd6+ Kc7 50. Rd1
Kc6 51. Kf6 Nd4 52. Kxf7 Ne2 53. Kxg6 Nxg3 54. f5 1-0

[Event "Int. Tourn. Charleroi 2005"]
[Site "Charleroi, Belgium"]
[Date "2005.07.30"]
[Round "2"]
[White "Gorik C"]
[Black "Wantiez F"]
[Result "1-0"]
[WhiteElo "2362"]
[BlackElo "2265"]
[PlyCount "107"]

1. e4 e6 2. d3 b5 3. a4 b4 4. Nf3 Bb7 5. Nbd2
Nf6 6. g3 c5 7. Bg2 d5 8. O-O Qc7 9. Re1 Be7 10. exd5 Nxd5 11. Nc4 Nd7 12. Ng5
O-O 13. Qe2 Bxg5 14. Bxg5 Rfe8 15. h4 Nf8 16. h5 f6 17. Bd2 Rad8 18. a5 e5 19.
c3 Ne7 20. Be4 Ne6 21. a6 Bxe4 22. dxe4 Nc6 23. Red1 Qf7 24. Kg2 f5 25. exf5
Qxf5 26. Be3 Ned4 27. cxd4 exd4 28. Qf3 Qxf3+ 29. Kxf3 dxe3 30. fxe3 Nb8 31.
Rxd8 Rxd8 32. Ra5 Rc8 33. Ke4 Rc6 34. Kd5 Rxa6 35. Rxa6 Nxa6 36. b3 Nc7+ 37.
Kxc5 Kf7 38. e4 Kf6 39. e5+ Kg5 40. Kd6 Nb5+ 41. Kd7 Nd4 42. e6 Nf5 43. e7 Nxe7
44. Kxe7 Kxh5 45. Kf7 g5 46. Kf6 Kg4 47. Ne5+ Kxg3 48. Kxg5 Kf2 49. Nc4 Kf3 50.
Kh6 Ke4 51. Kxh7 Kd5 52. Kg6 Kc5 53. Kf5 a5 54. Nxa5 1-0

[Event "Int. Tourn. Charleroi 2005"]
[Site "Charleroi, Belgium"]
[Date "2005.07.30"]
[Round "2"]
[White "Cappon J"]
[Black "Akhayan R"]
[Result "0-1"]
[WhiteElo "2216"]
[BlackElo "2202"]
[PlyCount "62"]

1. e4 e5 2. Bc4 Nf6 3. Nc3 Nxe4 4. Qh5 Nd6 5.
Bb3 Nc6 6. Nb5 g6 7. Qf3 f5 8. Qd5 Qe7 9. Nxc7+ Kd8 10. Nxa8 b6 11. Nxb6 axb6
12. d3 Bb7 13. h4 f4 14. Qf3 Bh6 15. Qg4 e4 16. d4 e3 17. Nf3 exf2+ 18. Kxf2
Ne4+ 19. Kg1 Nf6 20. Qh3 d5 21. h5 g5 22. Qf5 g4 23. Bxf4 Bc8 24. Qd3 Bxf4 25.
Re1 Qd6 26. Nd2 Rf8 27. Nf1 Nb4 28. Qd1 Ne4 29. Rh4 Qf6 30. g3 Nxg3 31. Rxg4
Nxf1 0-1

[Event "Int. Tourn. Charleroi 2005"]
[Site "Charleroi, Belgium"]
[Date "2005.07.30"]
[Round "2"]
[White "Terrieux K"]
[Black "Meessen R"]
[Result "1-0"]
[WhiteElo "2365"]
[BlackElo "2314"]
[PlyCount "101"]

1. e4 e6 2. d4 d5 3. Nc3 Nf6 4. e5 Nfd7 5. f4
c5 6. Nf3 Nc6 7. Be3 cxd4 8. Nxd4 Bc5 9. Qd2 O-O 10. O-O-O a6 11. h4 Nxd4 12.
Bxd4 b5 13. g4 b4 14. Ne2 Qc7 15. Kb1 a5 16. h5 Ba6 17. g5 Bxe2 18. Bxe2 Bxd4
19. Qxd4 Rfc8 20. Rc1 Rab8 21. g6 fxg6 22. hxg6 h6 23. Bg4 Qb6 24. Qd2 Rc4 25.
Rh4 Nf8 26. Qh2 Qc7 27. Be2 Rc5 28. Bd3 b3 29. axb3 Rxb3 30. Rg1 Rb7 31. Rxh6
gxh6 32. g7 Qxg7 33. Rxg7+ Rxg7 34. Qxh6 Rcc7 35. f5 Rh7 36. Qf4 exf5 37. Bxf5
Rhg7 38. Qd4 Ng6 39. Qxd5+ Kh7 40. Qxa5 Rce7 41. Qd5 Kh6 42. Qd6 Ref7 43. Qd2+
Kh5 44. Qe2+ Kh6 45. Qe3+ Kh5 46. Qf3+ Kg5 47. Qg4+ Kh6 48. e6 Ra7 49. e7 Ra8
50. Qh3+ Kg5 51. Bxg6 1-0

[Event "Int. Tourn. Charleroi 2005"]
[Site "Charleroi, Belgium"]
[Date "2005.07.31"]
[Round "3"]
[White "Lê Quang K"]
[Black "Cappon J"]
[Result "1-0"]
[WhiteElo "2330"]
[BlackElo "2216"]
[PlyCount "75"]

1. e4 c5 2. Nf3 e6 3. b3 a6 4. Bb2 Nc6 5. g3 d5
6. e5 Nge7 7. Bg2 h5 8. O-O Nf5 9. d3 Be7 10. Nbd2 Qc7 11. Re1 b6 12. c4 d4 13.
b4 Nxb4 {(=)} 14. Ne4 Bb7 15. Bc1 Nc6 16. Rb1 b5 17. cxb5 axb5 18. Rxb5 Ba6 19.
Rb2 Nb4 20. Bf1 Nd5 21. Bd2 O-O 22. h3 g6 23. g4 Ng7 24. Rc2 Qa7 25. Qc1 Rfc8
26. a3 Bb7 27. Bg5 Qxa3 28. Bxe7 Nxe7 29. Nf6+ Kf8 30. Qh6 Ng8 31. Nh7+ Ke7 32.
Qxg7 Bxf3 33. Ng5 Bd5 34. Qxf7+ Kd8 35. Qxg8+ Kd7 36. Qf7+ Kc6 37. Nxe6 Ra7 38.
Nxd4+ 1-0

[Event "Int. Tourn. Charleroi 2005"]
[Site "Charleroi, Belgium"]
[Date "2005.07.31"]
[Round "3"]
[White "Akhayan R"]
[Black "Cools G"]
[Result "1-0"]
[WhiteElo "2202"]
[BlackElo "2362"]
[PlyCount "71"]

1. e4 c5 2. Nf3 d6 3. Nc3 e6 4. d4 cxd4 5. Qxd4 a6 6. Bg5 Nf6 7. O-O-O Nc6 8.
Qd2 Be7 9. Bf4 Ng4 10. h3 Nge5 11. Nxe5 Nxe5 12. Be3 b5 13. f4 Nc6 14. Bd3 O-O
15. Kb1 Qc7 16. Qf2 Rb8 17. g4 Nb4 18. g5 Nxd3 19. cxd3 Qd7 20. Bd4 b4 21. Ne2
Rb5 22. Rhg1 e5 23. Be3 d5 24. f5 Rd8 25. g6 hxg6 26. fxg6 f5 27. Bg5 Bxg5 28.
Rxg5 fxe4 29. dxe4 d4 30. Ng1 Qe6 31. Qh4 Qf6 32. Rc1 Bb7 33. Nf3 Re8 34. Rc7
Qxf3 35. Qh7+ Kf8 36. Qxg7# 1-0

[Event "Int. Tourn. Charleroi 2005"]
[Site "Charleroi, Belgium"]
[Date "2005.08.01"]
[Round "4"]
[White "Terrieux K"]
[Black "Wantiez F"]
[Result "1-0"]
[WhiteElo "2365"]
[BlackElo "2265"]
[PlyCount "74"]

1. d4 Nf6 2. c4 g6 3. Nc3 d5 4. cxd5 Nxd5 5. Bd2
Nb6 6. Nf3 Bg7 7. e4 Bg4 8. Be3 O-O 9. Be2 Nc6 10. d5 Bxf3 11. gxf3 Ne5 12. Qb3
c6 13. f4 Ned7 14. dxc6 bxc6 15. h4 c5 16. h5 c4 17. Bxc4 Nxc4 18. Qxc4 Qa5 19.
e5 Rfc8 20. Qe4 Rab8 21. O-O Nc5 22. Bxc5 Qxc5 23. Rac1 Rxb2 24. Ne2 Rc2 25.
Rfd1 Qc4 26. Qxc4 R8xc4 27. Rxc2 Rxc2 28. Rd8+ Bf8 29. Nd4 Rc1+ 30. Kg2 gxh5
31. f5 Rd1 32. a4 f6 33. e6 Ra1 34. Nc6 Kg7 35. a5 Rc1 36. Nb8 Rc5 37. Rxf8
Rxa5 38. Rf7+ Kh6 39. Rxe7 Kg5 40. Rg7+ Kxf5 41. e7 Re5 42.
Nc6 1-0

[Event "Int. Tourn. Charleroi 2005"]
[Site "Charleroi, Belgium"]
[Date "2005.08.01"]
[Round "4"]
[White "Cools G"]
[Black "Lê Quang K"]
[Result "1-0"]
[WhiteElo "2362"]
[BlackElo "2330"]
[PlyCount "73"]

1. e4 c5 2. Nf3 d6 3. d4 cxd4 4. Qxd4 a6 5. Be3
Nc6 6. Qb6 Qxb6 7. Bxb6 g6 8. Nc3 Bg7 9. a4 Bxc3+ 10. bxc3 Nf6 11. Bd3 O-O 12.
c4 Bg4 13. Nd2 Rfc8 14. O-O Nd7 15. Rfb1 Nxb6 16. Rxb6 Ra7 17. a5 Be6 18. f4 f6
19. Kf2 Kf8 20. Ke3 Ke8 21. h3 Kd7 22. Nb3 g5 23. fxg5 fxg5 24. Nd4 Ne5 25.
Rab1 Nxc4+ 26. Bxc4 Rxc4 27. Rxb7+ Rc7 28. Rb8 h5 29. Rh8 Rc5 30. Rxh5 Rxa5 31.
Nf3 Ra3+ 32. Kd2 g4 33. hxg4 a5 34. g5 a4 35. g6 Ra2 36. g7 a3 37. Rd5 1-0

[Event "Int. Tourn. Charleroi 2005"]
[Site "Charleroi, Belgium"]
[Date "2005.08.01"]
[Round "4"]
[White "Meessen R"]
[Black "Kengis E"]
[Result "0-1"]
[WhiteElo "2314"]
[BlackElo "2534"]
[PlyCount "55"]

1. d4 d6 2. e4 Nf6 3. f3 Nbd7 4. c4 e5 5. Ne2 Be7 6. Be3 O-O 7. d5 c6 8. Nec3
a6 9. Nd2 Ne8 10. b4 {(=)} a5 11. b5 c5 12. g3 g6 13. Qc2 Ng7 14. O-O-O f5 15.
Be2 Nf6 16. Bh6 a4 17. Nxa4 fxe4 18. fxe4 Bg4 19. Nf3 Nxe4 20. Qxe4 Bxf3 21.
Bxf3 Rxa4 22. Kb1 Rb4+ 23. Ka1 Qa5 24. Rd2 Qa3 25. Qd3 Rxf3 26. Qxa3 Rxa3 27.
Rf2 Nf5 28. Bd2 0-1

[Event "Int. Tourn. Charleroi 2005"]
[Site "Charleroi, Belgium"]
[Date "2005.08.01"]
[Round "4"]
[White "Plachetka J"]
[Black "Akhayan R"]
[Result "1/2-1/2"]
[WhiteElo "2459"]
[BlackElo "2202"]
[PlyCount "120"]

1. e4 e5 2. Nf3 Nc6 3. Bb5 a6 4. Ba4 Nf6 5. O-O Nxe4 6. d4 b5 7. Bb3 d5 8. dxe5
Be6 9. Qe2 Be7 10. Rd1 Na5 11. Nbd2 Nxd2 12. Bxd2 c6 13. Bxa5 Qxa5 14. Nd4 Qc7
15. c3 c5 16. Nxe6 fxe6 17. Qg4 Qxe5 18. Re1 Qf5 19. Qxg7 Rf8 20. Re2 Rf7 21.
Qg8+ Bf8 22. Bc2 Qf6 23. Qg4 O-O-O 24. Qxe6+ Qxe6 25. Rxe6 d4 26. Rd1 dxc3 27.
Rxd8+ Kxd8 28. bxc3 Rd7 29. Kf1 Rd2 30. Re2 Rxe2 31. Kxe2 h6 32. c4 bxc4 33. f4
Ke7 34. Kf3 Ke6 35. Be4 c3 36. Kg4 Bd6 37. g3 Kf6 38. Kf3 Ke6 39. g4 Be7 40.
Kg3 c4 41. h4 h5 42. g5 Bb4 43. Bc2 Bc5 44. Kf3 Kd5 45. f5 Ke5 46. f6 Bd6 47.
Bh7 Bf8 48. Ke2 Bb4 49. Kd1 a5 50. Kc2 Ke6 51. Bg8+ Kf5 52. Bxc4 Kg6 53. Kd3 c2
54. Kxc2 Be1 55. Bd3+ Kf7 56. Bc4+ Kg6 57. Bb5 Kf7 58. Be2 Bxh4 59. Bxh5+ Ke6
60. f7 Ke7 1/2-1/2

[Event "Int. Tourn. Charleroi 2005"]
[Site "Charleroi, Belgium"]
[Date "2005.08.02"]
[Round "5"]
[White "Wantiez F"]
[Black "Meessen R"]
[Result "0-1"]
[WhiteElo "2265"]
[BlackElo "2314"]
[PlyCount "58"]

1. e4 c5 2. Nf3 d6 3. d4 cxd4 4. Nxd4 Nf6 5. Nc3 a6 6. Rg1 Nc6 7. Nxc6 bxc6 8.
g4 h6 9. h4 h5 10. g5 Ng4 11. g6 fxg6 12. Be2 e5 13. Bg5 Qb6 14. Bxg4 Bxg4 15.
Rxg4 hxg4 16. Qxg4 Kf7 17. Qd7+ Kg8 18. O-O-O Ra7 19. Qe6+ Rf7 20. f4 Qe3+ 21.
Kb1 exf4 22. Rf1 Qa7 23. Ne2 Qd7 24. Qc4 Be7 25. Nxf4 Bxg5 26. hxg5 Rh4 27.
Nxg6 Rxe4 28. Qxa6 Rxf1+ 29. Qxf1 Qe8 0-1

[Event "Int. Tourn. Charleroi 2005"]
[Site "Charleroi, Belgium"]
[Date "2005.08.02"]
[Round "5"]
[White "Akhayan R"]
[Black "Terrieux K"]
[Result "0-1"]
[WhiteElo "2202"]
[BlackElo "2365"]
[PlyCount "64"]

1. e4 e6 2. d4 d5 3. Nc3 Bb4 4. e5 c5 5. Bd2 Ne7
6. dxc5 Nbc6 7. Qh5 Nf5 8. Nf3 Bxc5 9. Bd3 Nb4 10. Bxf5 exf5 11. O-O-O Be6 12.
Rhe1 Qa5 13. Ng5 Nxa2+ 14. Kb1 Nxc3+ 15. Bxc3 Qb6 16. Ba5 Qc6 17. f4 g6 18. Qh4
b5 19. Nxh7 Rxh7 20. Qxh7 b4 21. c3 b3 22. Bb4 Bxb4 23. cxb4 Qc2+ 24. Ka1 Rc8
25. Qh8+ Kd7 26. Qh3 a5 27. Qd3 axb4 28. Qb5+ Kd8 29. Qb7 Ke8 30. Qa7 d4 31.
Qa4+ Kf8 32. Qa5 d3 0-1

[Event "Int. Tourn. Charleroi 2005"]
[Site "Charleroi, Belgium"]
[Date "2005.08.02"]
[Round "5"]
[White "Lê Quang K"]
[Black "Plachetka J"]
[Result "1/2-1/2"]
[WhiteElo "2330"]
[BlackElo "2459"]
[PlyCount "88"]

1. c4 c5 2. g3 Nc6 3. Bg2 g6 4. Nc3 Bg7 5. a3 b6
6. d3 Bb7 7. Bd2 Nf6 8. b4 Qc8 9. bxc5 bxc5 10. Rb1 Rb8 11. Nh3 O-O 12. Nf4 e6
13. O-O Nd4 14. f3 Bc6 15. e3 Nf5 16. Nb5 Qa6 17. a4 d5 18. g4 Ne7 19. Qc2 e5
20. Nxd5 Nfxd5 21. cxd5 Nxd5 22. Qxc5 Rb6 23. Qc4 Ne7 24.
Nc3 Rd8 25. Qxa6 Rxa6 26. Rfc1 Rb6 27. Rxb6 axb6 28. Kf2 Rxd3 29. Ke2 Rd8 30.
Rb1 Nc8 31. e4 Rd7 32. Be3 Ra7 33. Bxb6 Nxb6 34. Rxb6 Bxa4 35. Rb8+ Bf8 36.
Nxa4 Rxa4 37. Kf2 Kg7 38. g5 Bc5+ 39. Kg3 Be3 40. h4 Ra2 41. Kh3 h6 42. gxh6+
Kxh6 43. Rh8+ Kg7 44. Rc8 Rf2 1/2-1/2

[Event "Int. Tourn. Charleroi 2005"]
[Site "Charleroi, Belgium"]
[Date "2005.08.02"]
[Round "5"]
[White "Cappon J"]
[Black "Cools G"]
[Result "0-1"]
[WhiteElo "2216"]
[BlackElo "2362"]
[PlyCount "70"]

1. e4 c5 2. Nf3 d6 3. Bb5+ Bd7 4. Bxd7+ Nxd7 5. O-O Ngf6 6. Qe2 e6 7. c3 Be7 8.
d4 cxd4 9. cxd4 d5 10. e5 {(=)} Ne4 11. Ne1 Rc8 12. Nd3 f5 13. Nf4 Nf8 14. f3
Ng5 15. Nc3 Qb6 16. Be3 Ng6 17. Nfxd5 exd5 18. Nxd5 Qe6 19. Qb5+ Kf7 20. h4
Nxh4 21. Qxb7 h6 22. Rac1 Ng6 23. Nc7 Qb6 24. Qd5+ Ne6 25. Rc6 Qxc6 26. Qxc6
Rxc7 27. Qa4 Rd8 28. Qb3 Rcd7 29. Rc1 Bg5 30. Bxg5 hxg5 31. Rc6 Ngf8 32. g4 f4
33. Rc4 Kg8 34. Kg2 Kh8 35. Rc1 Rxd4 0-1

[Event "Int. Tourn. Charleroi 2005"]
[Site "Charleroi, Belgium"]
[Date "2005.08.03"]
[Round "6"]
[White "Meessen R"]
[Black "Akhayan R"]
[Result "1-0"]
[WhiteElo "2314"]
[BlackElo "2202"]
[PlyCount "109"]

1. d4 Nf6 2. c4 g6 3. f3 e5 4. dxe5 Nh5 5. Nh3 Nc6
6. Bg5 Be7 7. Bxe7 Qxe7 8. Nc3 Nxe5 9. Qd4 c5 10. Qe3 Nxc4 11. Qxe7+ Kxe7 12.
Nd5+ Kf8 13. g4 Ng7 14. Rc1 Nb6 15. Rxc5 Nxd5 16. Rxd5 Ke7 17. Bg2 d6 18. Kf2
Be6 19. Rd2 Rac8 20. Rhd1 Rhd8 21. Nf4 g5 22. Nd5+ Bxd5 23. Rxd5 Ne6 24. Bf1
Rc2 25. R5d2 Rxd2 26. Rxd2 d5 27. e3 d4 28. exd4 Rxd4 29. Bd3 h6 30. Ke3 Rd7
31. Rc2 Rc7 32. Rxc7+ Nxc7 33. Bc4 Ne8 34. Bd5 Nd6 35. Kd4 f5 36. Ke5 fxg4 37.
fxg4 b6 38. b4 a5 39. bxa5 bxa5 40. Bb3 Nb5 41. Bc4 Nd6 42. Bd3 Ne8 43. a4 Nf6
44. Bf5 h5 45. h3 hxg4 46. hxg4 Ne8 47. Bc2 Nf6 48. Kf5 Kf7 49. Bb3+ Kg7 50.
Kxg5 Nd7 51. Kf5 Nb6 52. Bc2 Kf7 53. Ke5 Kg7 54. Kd6 Kf6 55. Kc5 1-0

[Event "Int. Tourn. Charleroi 2005"]
[Site "Charleroi, Belgium"]
[Date "2005.08.03"]
[Round "6"]
[White "Kengis E"]
[Black "Wantiez F"]
[Result "1-0"]
[WhiteElo "2534"]
[BlackElo "2265"]
[PlyCount "71"]

1. Nf3 Nf6 2. g3 g6 3. Bg2 Bg7 4. c4 c6 5. d4 d5
6. cxd5 cxd5 7. Nc3 O-O 8. Ne5 e6 9. Bg5 Qb6 10. Qd2 Nfd7 11. Be3 Nc6 12. Nxc6
bxc6 13. Rc1 Re8 14. O-O Qa5 15. Rfd1 Rb8 16. b3 Bf8 17. Bf4 Ba3 18. Rc2 Ra8
19. Nb1 Bb4 20. Qc1 e5 21. dxe5 Nxe5 22. a3 Bf8 23. b4 Qa4 24. Nc3 Qa6 25. b5
cxb5 26. Nxd5 Bf5 27. Nc7 Qa4 28. Bxa8 Rxa8 29. Rc3 b4 30. axb4 Bxb4 31. Bxe5
Bxc3 32. Bxc3 Rc8 33. Nd5 Rc5 34. Ne7+ Kf8 35. Rd8+ Kxe7 36. Qg5+ 1-0

[Event "Int. Tourn. Charleroi 2005"]
[Site "Charleroi, Belgium"]
[Date "2005.08.04"]
[Round "7"]
[White "Lê Quang K"]
[Black "Meessen R"]
[Result "1-0"]
[WhiteElo "2330"]
[BlackElo "2314"]
[PlyCount "83"]

1. c4 e5 2. g3 c6 3. d4 e4 4. Bg2 d5 5. Nc3 Nf6 6. Bg5 Bb4 7. e3 Bxc3+ 8. bxc3
Nbd7 9. Ne2 h6 10. Bxf6 Nxf6 11. cxd5 cxd5 12. Qa4+ Bd7 13. Qb4 a5 14. Qa3 Qe7
15. Qxe7+ Kxe7 16. Rb1 b5 17. Kd2 Rhc8 18. h3 Rab8 19. g4 Ne8 20. f3 Bc6 21.
fxe4 dxe4 22. Ng3 Nd6 23. Nf5+ Nxf5 24. gxf5 Kf6 25. Rhf1 Bd5 26. Rf4 b4 27.
cxb4 Rxb4 28. Rxb4 axb4 29. Bxe4 Bxa2 30. Rf1 b3 31. Bb1 Kg5 32. e4 Rc7 33. Kd3
Rb7 34. d5 Bxb1+ 35. Rxb1 Kf4 {(=)} 36. Kd4 b2 37. d6 f6 38. Kd5 Rb3 39. d7 Ke3
40. Ke6 Rd3 41. Rxb2 Kxe4 42. Rb8 1-0

[Event "Int. Tourn. Charleroi 2005"]
[Site "Charleroi, Belgium"]
[Date "2005.08.04"]
[Round "7"]
[White "Cappon J"]
[Black "Terrieux K"]
[Result "1/2-1/2"]
[WhiteElo "2216"]
[BlackElo "2365"]
[PlyCount "28"]

1. d4 d5 2. Nf3 Nf6 3. Bf4 Bf5 4. e3 e6 5. Bd3
Bxd3 6. Qxd3 c6 7. Nbd2 Bd6 8. Bxd6 Qxd6 9. O-O Nbd7 10. e4 dxe4 11. Nxe4 Nxe4
12. Qxe4 O-O 13. c3 Rad8 14. Rad1 Qc7 {(=)} 1/2-1/2

[Event "Int. Tourn. Charleroi 2005"]
[Site "Charleroi, Belgium"]
[Date "2005.08.04"]
[Round "7"]
[White "Wantiez F"]
[Black "Brunner N"]
[Result "1/2-1/2"]
[WhiteElo "2265"]
[BlackElo "2386"]
[PlyCount "68"]

1. e4 c5 2. Nf3 d6 3. d4 cxd4 4. Nxd4 Nf6 5. Nc3 g6
6. Be3 Bg7 7. f3 O-O 8. Qd2 Nc6 9. O-O-O d5 10. Kb1 Rb8 11. Bh6 Bxh6 12. Qxh6
Qb6 13. h4 Nxd4 14. h5 Be6 {(=)} 15. hxg6 fxg6 16. e5 Nf5 17. Qh2 Rbc8 18. exf6
Rf7 19. fxe7 Rxe7 20. Rd3 d4 21. Ne4 Qa5 22. b3 Qe1+ 23. Kb2 Ne3 24. Rxe3 Qxe3
25. Bd3 Rf8 26. Qe5 Qf4 27. Qxd4 b6 28. g3 Qf5 29. Kb1 Rd7 30. Qc3 {(=)} Qxf3
31. Rh4 Qd1+ 32. Kb2 Rxd3 33. cxd3 Qe2+ 34. Ka3 Qf1 {(=)} 1/2-1/2

[Event "Int. Tourn. Charleroi 2005"]
[Site "Charleroi, Belgium"]
[Date "2005.08.04"]
[Round "7"]
[White "Akhayan R"]
[Black "Kengis E"]
[Result "1/2-1/2"]
[WhiteElo "2202"]
[BlackElo "2534"]
[PlyCount "119"]

1. e4 c5 2. Nf3 e6 3. d4 cxd4 4. Nxd4 a6 5. c4 Nf6 6. Nc3 Qc7 7. a3 b6 8. Be2
Bb7 9. f3 d6 10. Be3 Be7 11. Rc1 O-O 12. O-O Nbd7 13. Qd2 Rac8 14. Rfd1 Qb8 15.
b4 Rfe8 {La partie est nulle aux environs du 59e coup !} 16. Bf1 Bf8 17. Kh1
Ne5 18. Na4 Nfd7 19. Rc2 d5 20. cxd5 exd5 21. exd5 b5 22. Rxc8 Qxc8 23. Rc1 Qa8
24. Nc5 Nxc5 25. bxc5 Bxd5 26. Bf4 Nc4 27. Bxc4 Bxc4 28. Bd6 Qd5 29. Bxf8 Rxf8
30. c6 g6 31. Re1 Qd6 32. Qe3 Rc8 33. h3 h5 34. Qe5 Qxe5 35. Rxe5 Kf8 36. Kg1
f6 37. Re3 Kf7 38. h4 Bd5 39. Kf2 Bxc6 40. Rc3 Bb7 41. Rxc8 Bxc8 42. Ke3 Ke7
43. Ne2 Be6 44. Kd4 Kd6 45. Nc3 f5 46. Ne2 a5 47. Nf4 Bf7 48. Nd3 Be8 49. Ne5
b4 50. Nc4+ Ke7 51. axb4 axb4 52. Kc5 b3 53. Kb4 Ke6 54. Kxb3 Kd5 55. Kc3 Bb5
56. Nd2 Ke5 57. g3 f4 58. g4 hxg4 59. fxg4 Bc6 60. h5 1/2-1/2

[Event "Int. Tourn. Charleroi 2005"]
[Site "Charleroi, Belgium"]
[Date "2005.08.05"]
[Round "8"]
[White "Wantiez F"]
[Black "Akhayan R"]
[Result "1-0"]
[WhiteElo "2265"]
[BlackElo "2202"]
[PlyCount "79"]

1. e4 e5 2. Nf3 Nc6 3. Bb5 a6 4. Ba4 Nf6 5. O-O
Nxe4 6. d4 b5 7. d5 bxa4 8. dxc6 d6 9. Re1 Nc5 10. Be3 Ne6 11. c4 Be7 12. Qxa4
O-O 13. Nc3 f5 14. Rad1 f4 15. Bc1 Nc5 16. Qa3 Bg4 17. Nd5 Bf6 18. h3 Bh5 19.
Bxf4 exf4 20. b4 Bxf3 21. Qxf3 Na4 22. Qb3 Nb2 23. Nxf6+ Qxf6 24. Rb1 Nxc4 25.
Qxc4+ Kh8 26. f3 Rfe8 27. Qxa6 Qd4+ 28. Kh2 Qf2 29. Rxe8+ Rxe8 30. Rf1 Qg3+ 31.
Kg1 h6 32. Qc4 Re5 33. b5 Rg5 34. Rf2 Rc5 35. Qe2 Re5 36. b6 Rxe2 37. Rxe2 Qg5
38. Re8+ Kh7 39. bxc7 Qc5+ 40. Kh2 1-0

[Event "Int. Tourn. Charleroi 2005"]
[Site "Charleroi, Belgium"]
[Date "2005.08.05"]
[Round "8"]
[White "Meessen R"]
[Black "Cappon J"]
[Result "0-1"]
[WhiteElo "2314"]
[BlackElo "2216"]
[PlyCount "47"]

1. e4 c5 2. c3 d5 3. e5 Nc6 4. d4 cxd4 5. cxd4 Qb6 6. Nc3 e6 7. Nf3 Nh6 8. Bd3
Bd7 9. O-O Nxd4 10. Nxd4 Qxd4 11. Nb5 Qb6 12. Be3 Qa5 13. Bd2 Qb6 14. Qb3 Bc5
15. Rac1 O-O 16. Bxh6 gxh6 17. a4 Rac8 {(=)} 18. Bb1 Bxf2+ 19. Kh1 Bxb5 20.
axb5 Qe3 21. Rc3 Rxc3 22. bxc3 Qd2 23. Rd1 Kh8 24. Bd3 0-1

[Event "Int. Tourn. Charleroi 2005"]
[Site "Charleroi, Belgium"]
[Date "2005.08.05"]
[Round "8"]
[White "Kengis E"]
[Black "Lê Quang K"]
[Result "1/2-1/2"]
[WhiteElo "2534"]
[BlackElo "2330"]
[PlyCount "81"]

1. b3 e5 2. Bb2 d6 3. g3 Nf6 4. Bg2 Be7 5. c4
O-O 6. Nf3 Re8 7. O-O Bf8 8. Nc3 c6 9. d3 Nbd7 10. Nd2 Nc5 11. b4 Ne6 12. b5
Bd7 13. a4 a5 14. e3 Qc8 15. bxc6 bxc6 16. Ba3 Qc7 17. Qc2 Rab8 18. Rfc1 Rec8
19. Qd1 Qd8 20. Nde4 Ne8 21. d4 f5 22. d5 cxd5 23. cxd5 N6c7 24. Nd2 Na6 25.
Bf1 Nb4 26. Nc4 Nf6 27. Nb5 Be8 28. Qb3 Nbxd5 29. e4 fxe4 30. Ne3 Bf7 31. Bc4
Rxc4 32. Nxc4 Nb6 33. Bxd6 Bxd6 34. Nbxd6 Qxd6 35. Qxb6 Rxb6 36. Nxd6 Rxd6 37.
Rc8+ Be8 38. Ra8 Rd5 39. Rc1 Kf8 40. Rc7 Rd1+ 41. Kg2 1/2-1/2

[Event "Int. Tourn. Charleroi 2005"]
[Site "Charleroi, Belgium"]
[Date "2005.08.06"]
[Round "9"]
[White "Plachetka J"]
[Black "Terrieux K"]
[Result "1/2-1/2"]
[WhiteElo "2459"]
[BlackElo "2365"]
[PlyCount "113"]

1. d4 d5 2. c4 e6 3. Nc3 Nf6 4. Bg5 Be7 5. e3
O-O 6. Nf3 Ne4 7. Bxe7 Qxe7 8. Qc2 Nxc3 9. Qxc3 c6 10. Bd3 Nd7 11. O-O dxc4 12.
Bxc4 b6 13. b4 Bb7 14. Be2 Rfc8 15. Rfc1 a5 16. a3 axb4 17. axb4 c5 18. dxc5
bxc5 19. b5 Bd5 20. Nd2 Nb6 21. e4 Bb7 22. Rxa8 Bxa8 23. Qe3 Qd6 24. Nb3 c4 25.
Na5 h6 26. Nxc4 Nxc4 27. Rxc4 Rxc4 28. Bxc4 Qc7 29. Bf1 Bb7 30. b6 Qd6 31. h3
Qb4 32. Bd3 Kf8 33. Kh2 Kg8 34. Qf4 Qxb6 35. Qb8+ Kh7 36. e5+ g6 37. Be4 Qxf2
38. Qxb7 Qf4+ 39. g3 Qf2+ 40. Bg2 Kg7 41. Qf3 Qd4 42. Qf6+ Kg8 43. h4 h5 44.
Qf4 Qb2 45. Kh3 Qc3 46. Bf3 Qa1 47. Qe3 Qf1+ 48. Kh2 Qc4 49. Be2 Qc2 50. g4
hxg4 51. Kg3 Kg7 52. Bxg4 Qb1 53. h5 gxh5 54. Bxh5 Qf5 55. Bg4 Qg6 56. Kh4 f6
57. exf6+ 1/2-1/2